Perayaan maulid, khaul dan hari-hari besar Islam bukan suatu yang haram : (Record no. 1167)

000 -LEADER
fixed length control field nam a22 a 4500
003 - CONTROL NUMBER IDENTIFIER
control field AKMAL
005 - DATE AND TIME OF LATEST TRANSACTION
control field 20170508145120.0
008 - FIXED-LENGTH DATA ELEMENTS--GENERAL INFORMATION
fixed length control field 170508s1993 my 00 M d
020 ## - INTERNATIONAL STANDARD BOOK NUMBER
International Standard Book Number 9838850411 (kkt.):
Terms of availability Rgt.3.50
040 ## - CATALOGING SOURCE
Original cataloging agency AKMAL
082 04 - DEWEY DECIMAL CLASSIFICATION NUMBER
Classification number 297.36 AMI
090 ## - LOCALLY ASSIGNED LC-TYPE CALL NUMBER (OCLC); LOCAL CALL NUMBER (RLIN)
Classification number (OCLC) (R) ; Classification number, CALL (RLIN) (NR) 297.36
Local cutter number (OCLC) ; Book number/undivided call number, CALL (RLIN) AMI
100 1# - MAIN ENTRY--PERSONAL NAME
Personal name al-Amily, Ja'far Murtadha
9 (RLIN) 2369
245 ## - TITLE STATEMENT
Title Perayaan maulid, khaul dan hari-hari besar Islam bukan suatu yang haram :
Remainder of title Ja'far Murtadha al-Amily /
Statement of responsibility, etc. terjemah oleh: Masykur Ab.
250 ## - EDITION STATEMENT
Edition statement Malaysia ed.
260 ## - PUBLICATION, DISTRIBUTION, ETC.
Place of publication, distribution, etc. Kuala Lumpur :
Name of publisher, distributor, etc. Victory Agencie,
Date of publication, distribution, etc. 1993
300 ## - PHYSICAL DESCRIPTION
Extent 107 ms. ;
Dimensions 21cm
500 ## - GENERAL NOTE
General note Mengandungi ayat-ayat dari al-Quran
500 ## - GENERAL NOTE
General note Terjemahan dari al Mawasim wa al Marasim
521 ## - TARGET AUDIENCE NOTE
Target audience note Peringkat pembaca : Dewasa
650 ## - SUBJECT ADDED ENTRY--TOPICAL TERM
Topical term or geographic name entry element Islam
General subdivision Customs and practices
9 (RLIN) 1330
650 ## - SUBJECT ADDED ENTRY--TOPICAL TERM
Topical term or geographic name entry element Maulid al Nabi
9 (RLIN) 2370
700 1# - ADDED ENTRY--PERSONAL NAME
Personal name Ab., Masykur
9 (RLIN) 2371
942 ## - ADDED ENTRY ELEMENTS (KOHA)
Source of classification or shelving scheme
Koha item type Book
Holdings
Withdrawn status Lost status Source of classification or shelving scheme Damaged status Not for loan Collection code Home library Current library Shelving location Date acquired Inventory number Total Checkouts Full call number Barcode Date last seen Price effective from Koha item type
          NON-FICTION AKMAL Melaka AKMAL Melaka PINJAMAN 08.05.2017 200781   297.36 AMI 201702266 08.05.2017 08.05.2017 Book
Pusat Sumber Maklumat Dato' Haji Sarmin Md Hussin, Akademi Kastam Diraja Malaysia, Melaka
Tel: 06-2331106 | Faks: 06-2313787